Vista normal
Vista MARC
Entrada Personal Name
Número de registros utilizados en: 1
001 - CONTROL NUMBER
- control field: 8995
003 - CONTROL NUMBER IDENTIFIER
- control field: DLC
005 - DATE AND TIME OF LATEST TRANSACTION
- control field: 20190220165114.0
008 - FIXED-LENGTH DATA ELEMENTS
- fixed length control field: 810520n| acannaab |a aaa
010 ## - LIBRARY OF CONGRESS CONTROL NUMBER
- LC control number: n 81024991
040 ## - CATALOGING SOURCE
- Original cataloging agency: DLC
- Transcribing agency: Mx-PuUPA
- Modifying agency: DLC
- Modifying agency: Mx-PuUPA
- Language of cataloging: spa
- Description conventions: rda
100 1# - HEADING--PERSONAL NAME
- Personal name: Maeder, Ernesto J. A.,
370 ## - ASSOCIATED PLACE
- Place of birth: Buenos Aires
- Associated country: Argentina
373 ## - ASSOCIATED GROUP
- Associated group: Facultad de Humanidades de la Universidad Nacional del Nordeste
- Associated group: Instituto de Investigaciones Geohistóricos
374 ## - OCCUPATION
- Occupation: Autor
- Occupation: Catedrático universitario
- Start period: Director del Instituto de Investigaciones Geohistóricos
375 ## - GENDER
- Gender: hombre
377 ## - ASSOCIATED LANGUAGE
- Language code: spa
400 1# - SEE FROM TRACING--PERSONAL NAME
- Personal name: Maeder, Erenesto J. A.
670 ## - SOURCE DATA FOUND
- Source citation: His La Revista de la Sociedad Geográfica Argentina, 1968.
670 ## - SOURCE DATA FOUND
- Source citation: Maeder, Ernesto J. A. Misiones, 2004:
- Information found: t.p. (Erenesto J.A. Maeder) cover (Ernesto J.A. Maeder)
670 ## - SOURCE DATA FOUND
- Source citation: Misiones del Paraguay: Conflictos y disolución de la sociedad guaraní (1768-1850), 1992:
- Information found: portada (Ernesto J. A. Maeder)
670 ## - SOURCE DATA FOUND
- Source citation: Biblioteca del congreso (Estados Unidos), 20 febrero 2019:
- Information found: catálogo electrónico
- Uniform Resource Identifier: https://goo.gl/rNVhyk